Statistics for Top 15 Countries with Covid-19 Deaths - 2 December

Click here to take the quiz!

General Stats

  • This quiz has been taken 16 times
  • The average score is 13 of 21

Answer Stats

country% Correct
United States
100%
Brazil
86%
India
86%
Mexico
86%
Russia
86%
France
79%
Italy
79%
Spain
79%
United Kingdom
79%
Argentina
71%
Chile
64%
Colombia
57%
Iran
57%
Peru
57%
Poland
57%
South Africa
50%
Belgium
43%
Ecuador
43%
Czechia
36%
Bosnia and
Herzegovina
21%
North Macedonia
14%

Score Distribution

Percentile by Number Answered

Percent of People with Each Score

Your Score History

You have not taken this quiz